00571nam a22001697a 450000500170000001000150001702000260003203500130005803700130007108200190008410000220010324500920012526000310021727000780024830000250032650000500035120150427110807.0 aENG-112313 a9781138790773c995.00 aEN-95845 bDBAD/PUB a363.3250954792 aRath, Saroj Kumar aFragile frontiers :cby Saroj Kumar Rathbthe secret history of Mumbai terror attacks / aNew DelhibRoutledgec2014 a912,Tolstoy House, 15-17 Tolstoy Marg, Connaught PlacebNew Delhie110001 axxi,356p. c23cm(Hb) aIncludes bibliographical references and index